[Event "NED-chT 2324"]
[Site "Netherlands"]
[Date "2023.12.16"]
[Round "5.7"]
[White "Spriestersbach, Kai"]
[Black "Miesen, Fabian"]
[Result "1-0"]
[WhiteElo "2265"]
[BlackElo "2205"]
[PlyCount "59"]
[EventDate "2023.09.16"]
[EventType "team-tourn"]
[EventRounds "9"]
[EventCountry "NED"]
[SourceTitle "EXT 2025"]
[Source "ChessBase"]
[SourceDate "2024.10.14"]
[SourceVersion "1"]
[SourceVersionDate "2024.10.14"]
[SourceQuality "1"]
[WhiteTeam "Amstelveen Zukertort"]
[BlackTeam "Zuid Limburg"]
[WhiteTeamCountry "NED"]
[BlackTeamCountry "NED"]

1. e4 c5 2. Nf3 Nc6 3. d4 cxd4 4. Nxd4 g6 5. c4 Nf6 6. Nc3 d6 7. Be2 Nxd4 8. Qxd4 Bg7 9. 0-0 0-0 10. Qd3 a5 11. h3 a4 12. Bd2 Be6 13. Rab1 Nd7 14. Nd5 Nc5 15. Qe3 Bxd5 16. exd5 Re8 17. b4 axb3 18. axb3 Ra2 19. b4 Ne4 20. Be1 e6 21. Qxe4 exd5 22. Qxd5 Rexe2 23. c5 Qd7 24. Qxd6 Qb5 25. Rd1 Be5 26. Qd5 Qa4 27. Bd2 Qc2 28. Bh6 Ra8 29. Qd8+ Rxd8 30. Rxd8# 1-0

[Event "NED-chT 2122"]
[Site "Netherlands"]
[Date "2022.04.23"]
[Round "9.8"]
[White "Maatman, Nick"]
[Black "Miesen, Fabian"]
[Result "1-0"]
[WhiteElo "2364"]
[BlackElo "2180"]
[PlyCount "55"]
[EventDate "2021.09.18"]
[EventType "team-tourn"]
[EventRounds "9"]
[EventCountry "NED"]
[SourceTitle "EXT 2023"]
[Source "ChessBase"]
[SourceDate "2022.10.05"]
[SourceVersion "1"]
[SourceVersionDate "2022.10.05"]
[SourceQuality "1"]
[WhiteTeam "Groningen Combinatie"]
[BlackTeam "Zuid Limburg"]
[WhiteTeamCountry "NED"]
[BlackTeamCountry "NED"]

1. d4 d5 2. c4 c6 3. cxd5 cxd5 4. Bf4 Nf6 5. e3 Nc6 6. Nc3 a6 7. Bd3 Bg4 8. Nge2 e6 9. 0-0 Be7 10. Rc1 0-0 11. Na4 Rc8 12. Nc5 Bxc5 13. Rxc5 Nb4 14. f3 Rxc5 15. dxc5 Bh5 16. Bb1 Qd7 17. a3 Nc6 18. Qd2 Bg6 19. Ba2 Rd8 20. Rd1 h6 21. b4 e5 22. Bg3 Bf5 23. Bh4 Be6 24. Bxf6 gxf6 25. Nc3 Ne7 26. e4 d4 27. Bxe6 dxc3 28. Qxd7 1-0

[Event "NED-chT 2122"]
[Site "Netherlands"]
[Date "2022.04.02"]
[Round "8.7"]
[White "Piceu, Tom"]
[Black "Miesen, Fabian"]
[Result "0-1"]
[WhiteElo "2355"]
[BlackElo "2180"]
[PlyCount "68"]
[EventDate "2021.09.18"]
[EventType "team-tourn"]
[EventRounds "9"]
[EventCountry "NED"]
[SourceTitle "EXT 2024"]
[Source "ChessBase"]
[SourceDate "2023.10.10"]
[SourceVersion "1"]
[SourceVersionDate "2023.10.10"]
[SourceQuality "1"]
[WhiteTeam "Sas van Gent"]
[BlackTeam "Zuid Limburg"]
[WhiteTeamCountry "NED"]
[BlackTeamCountry "NED"]

1. d4 d5 2. c4 c6 3. Nf3 Nf6 4. Nc3 e6 5. Bg5 dxc4 6. e4 b5 7. e5 h6 8. Bh4 g5 9. exf6 gxh4 10. Ne5 Qxf6 11. a4 a6 12. Be2 Nd7 13. Nxc6 Bb7 14. axb5 axb5 15. Rxa8+ Bxa8 16. Bf3 Bg7 17. Nxb5 0-0 18. 0-0 Nb6 19. h3 Bxc6 20. Bxc6 Rd8 21. Qe2 Qf4 22. Rd1 Bxd4 23. Nxd4 Rxd4 24. Rxd4 Qxd4 25. Qg4+ Qxg4 26. hxg4 Kg7 27. Kh2 Kf6 28. Be8 Nd5 29. Kh3 Nf4+ 30. Kxh4 Nd3 31. Kg3 Nxb2 32. Kf3 c3 33. Ke2 c2 34. Kd2 Nd3 0-1

[Event "NED-chT 2122"]
[Site "Netherlands"]
[Date "2021.10.09"]
[Round "2.8"]
[White "Dardha, Arben"]
[Black "Miesen, Fabian"]
[Result "1/2-1/2"]
[WhiteElo "2227"]
[BlackElo "2180"]
[PlyCount "60"]
[EventDate "2021.09.18"]
[EventType "team-tourn"]
[EventRounds "9"]
[EventCountry "NED"]
[SourceTitle "EXT 2023"]
[Source "ChessBase"]
[SourceDate "2022.10.05"]
[SourceVersion "1"]
[SourceVersionDate "2022.10.05"]
[SourceQuality "1"]
[WhiteTeam "Charlois Europoort"]
[BlackTeam "Zuid Limburg"]
[WhiteTeamCountry "NED"]
[BlackTeamCountry "NED"]

1. d4 d5 2. Nf3 Nf6 3. c4 c6 4. cxd5 cxd5 5. Nc3 Nc6 6. Bf4 a6 7. e3 Bg4 8. h3 Bxf3 9. Qxf3 e6 10. Bd3 Be7 11. 0-0 0-0 12. Rac1 Rc8 13. Bb1 b5 14. h4 Na5 15. Qe2 Qb6 16. Qd3 Nc4 17. Bg5 g6 18. e4 dxe4 19. Nxe4 Qd8 20. b3 Nxe4 21. Bxe7 Qxe7 22. bxc4 Nd6 23. cxb5 axb5 24. g3 Rfd8 25. Qb3 Qb7 26. Rc5 Rxc5 27. dxc5 Nc4 28. Rd1 Nd2 29. Qc2 Nf3+ 30. Kf1 Nh2+ 1/2-1/2

[Event "Brasschaat op 14th"]
[Site "Brasschaat"]
[Date "2014.08.21"]
[Round "6"]
[White "Miesen, Fabian"]
[Black "Docx, Stefan"]
[Result "0-1"]
[WhiteElo "2165"]
[BlackElo "2491"]
[PlyCount "78"]
[EventDate "2014.08.16"]
[EventType "swiss"]
[EventRounds "9"]
[EventCountry "BEL"]
[SourceTitle "CBM 161 Extra"]
[Source "ChessBase"]
[SourceDate "2014.08.29"]
[SourceVersion "1"]
[SourceVersionDate "2014.08.29"]
[SourceQuality "1"]

1. e4 c5 2. Nc3 e6 3. Nf3 d6 4. d4 cxd4 5. Nxd4 a6 6. Be3 Nf6 7. Bd3 Nbd7 8. 0-0 Qc7 9. f4 b5 10. a3 Bb7 11. Qf3 Be7 12. Rae1 g6 13. Kh1 Nc5 14. Bg1 d5 15. exd5 Nxd5 16. Ne4 0-0 17. Nxc5 Bxc5 18. f5 Ne7 19. Qh3 Nxf5 20. Nxf5 exf5 21. Bxc5 Qxc5 22. Rxf5 Rae8 23. Rff1 Re5 24. b4 Qc3 25. Rxe5 Qxe5 26. Qd7 Ba8 27. a4 Qg5 28. Rg1 Rd8 29. Qa7 Re8 30. Bf1 Bd5 31. Qxa6 bxa4 32. Qxa4 Re5 33. Qa6 Qf4 34. Be2 Qxb4 35. Qd3 Be4 36. Qd8+ Kg7 37. Rf1 Bxg2+ 38. Kxg2 Rxe2+ 39. Rf2 Qe4+ 0-1

[Event "Brasschaat op 14th"]
[Site "Brasschaat"]
[Date "2014.08.18"]
[Round "3"]
[White "Hovhannisyan, Mher"]
[Black "Miesen, Fabian"]
[Result "1-0"]
[WhiteElo "2513"]
[BlackElo "2165"]
[PlyCount "77"]
[EventDate "2014.08.16"]
[EventType "swiss"]
[EventRounds "9"]
[EventCountry "BEL"]
[SourceTitle "CBM 161 Extra"]
[Source "ChessBase"]
[SourceDate "2014.08.29"]
[SourceVersion "1"]
[SourceVersionDate "2014.08.29"]
[SourceQuality "1"]

1. Nf3 c5 2. g3 g6 3. Bg2 Bg7 4. 0-0 Nc6 5. e4 d6 6. c3 Bg4 7. h3 Bxf3 8. Qxf3 Nf6 9. Qe2 0-0 10. a4 Nd7 11. Na3 Na5 12. Nc4 Nb3 13. Ra3 Nxc1 14. Rxc1 Ne5 15. Rb3 Rb8 16. f4 Nxc4 17. Qxc4 b6 18. Kh2 e6 19. h4 e5 20. f5 g5 21. Qe2 gxh4 22. Qh5 hxg3+ 23. Kxg3 Qf6 24. Rh1 h6 25. Ra3 Qg5+ 26. Qxg5 hxg5 27. Bf1 Bf6 28. Bc4 Kg7 29. a5 b5 30. Bd5 b4 31. Raa1 bxc3 32. bxc3 Rb2 33. Rh2 Rh8 34. Rxh8 Kxh8 35. Bxf7 Kg7 36. Bg6 Bd8 37. Rh1 Bxa5 38. Rh7+ Kf8 39. f6 1-0

[Event "Brasschaat op 13th"]
[Site "Brasschaat"]
[Date "2013.08.19"]
[Round "3"]
[White "Docx, Stefan"]
[Black "Miesen, Fabian"]
[Result "1-0"]
[WhiteElo "2490"]
[BlackElo "2145"]
[PlyCount "85"]
[EventDate "2013.08.17"]
[EventType "swiss"]
[EventRounds "9"]
[EventCountry "BEL"]
[SourceTitle "CBM 156 Extra"]
[Source "ChessBase"]
[SourceDate "2013.10.22"]
[SourceVersion "1"]
[SourceVersionDate "2013.10.22"]
[SourceQuality "1"]

1. d4 Nf6 2. c4 g6 3. Nc3 Bg7 4. e4 d6 5. Be2 0-0 6. Bg5 h6 7. Be3 c5 8. d5 e6 9. Qd2 exd5 10. exd5 Kh7 11. h3 Re8 12. Bd3 Nbd7 13. Nf3 Ne5 14. Nxe5 Rxe5 15. 0-0 Nh5 16. Rfe1 f5 17. f3 Bd7 18. Bf2 f4 19. Rxe5 Bxe5 20. Qc2 Qf6 21. Ne4 Qg7 22. Re1 a5 23. a3 a4 24. b3 axb3 25. Qxb3 Bf5 26. Kh2 Bxe4 27. Bxe4 Ng3 28. Bd3 Nf5 29. Rb1 Nd4 30. Bxd4 Bxd4 31. a4 Re8 32. Qxb7 Re7 33. Qc8 Qf6 34. a5 Qg5 35. Qg4 Qxg4 36. hxg4 Ra7 37. Rb6 Rxa5 38. Rxd6 Ra1 39. Rxg6 Rd1 40. Be4 Bg1+ 41. Kh3 Bf2 42. g5 hxg5 43. Kg4 1-0

[Event "Maastricht Limburg op 3rd"]
[Site "Maastricht"]
[Date "2009.05.31"]
[Round "4"]
[White "Driessens, Patrick"]
[Black "Miesen, Fabian"]
[Result "1-0"]
[WhiteElo "2281"]
[BlackElo "2082"]
[PlyCount "40"]
[EventDate "2009.05.29"]
[EventType "swiss"]
[EventRounds "7"]
[EventCountry "NED"]
[SourceTitle "CBM 130 Extra"]
[Source "ChessBase"]
[SourceDate "2009.07.02"]
[SourceVersion "2"]
[SourceVersionDate "2009.07.15"]
[SourceQuality "1"]

1. d4 d5 2. c4 Nc6 3. Nf3 Bg4 4. Nc3 dxc4 5. d5 Bxf3 6. exf3 Ne5 7. Bf4 Nd3+ 8. Bxd3 cxd3 9. Nb5 e5 10. Bxe5 Rc8 11. 0-0 f6 12. Bg3 a6 13. Re1+ Kf7 14. Qb3 axb5 15. d6+ Kg6 16. Qxd3+ Kh6 17. d7 Ra8 18. Re8 Qxe8 19. dxe8Q Rxe8 20. Qxb5 Re3 1-0

[Event "Maastricht Limburg op"]
[Site "Maastricht"]
[Date "2008.05.12"]
[Round "7"]
[White "Miesen, Fabian"]
[Black "Braun, Christian1"]
[Result "0-1"]
[WhiteElo "2165"]
[BlackElo "2322"]
[PlyCount "66"]
[EventDate "2008.05.09"]
[EventType "swiss"]
[EventRounds "7"]
[EventCountry "NED"]
[SourceTitle "EXT 2009"]
[Source "ChessBase"]
[SourceDate "2008.11.26"]
[SourceVersion "1"]
[SourceVersionDate "2008.11.26"]
[SourceQuality "1"]

1. d4 g6 2. e4 Bg7 3. f4 c6 4. c3 d5 5. e5 h5 6. Bd3 Nh6 7. Nf3 Bg4 8. 0-0 e6 9. b3 Qb6 10. Na3 Bf8 11. Nc2 Bf5 12. Kh1 c5 13. Be3 Nc6 14. Qd2 Rc8 15. Rfc1 Bxd3 16. Qxd3 Nf5 17. dxc5 Bxc5 18. Bxc5 Qxc5 19. Ncd4 Ncxd4 20. Nxd4 h4 21. Nxf5 gxf5 22. h3 Rg8 23. c4 Rg3 24. Qd2 d4 25. Rc2 d3 26. Rc3 Rd8 27. Rd1 Ke7 28. b4 Qc6 29. Kh2 Rdg8 30. Rg1 Qe4 31. Qf2 Qe2 32. Qxe2 dxe2 33. Rc2 Rxg2+ 0-1

[Event "Maastricht Limburg op"]
[Site "Maastricht"]
[Date "2008.05.11"]
[Round "4"]
[White "Tate, Emory"]
[Black "Miesen, Fabian"]
[Result "1-0"]
[WhiteElo "2378"]
[BlackElo "2165"]
[PlyCount "67"]
[EventDate "2008.05.09"]
[EventType "swiss"]
[EventRounds "7"]
[EventCountry "NED"]
[SourceTitle "EXT 2009"]
[Source "ChessBase"]
[SourceDate "2008.11.26"]
[SourceVersion "1"]
[SourceVersionDate "2008.11.26"]
[SourceQuality "1"]

1. d4 d5 2. c4 Nc6 3. e3 e5 4. dxe5 d4 5. a3 a5 6. Nf3 Bg4 7. Be2 dxe3 8. Bxe3 Qxd1+ 9. Bxd1 0-0-0 10. Nbd2 Nge7 11. Ba4 Ng6 12. Bxc6 bxc6 13. 0-0 Be7 14. h3 Bxf3 15. Nxf3 Rd3 16. Rfd1 Rhd8 17. Rxd3 Rxd3 18. Re1 a4 19. Kf1 h6 20. Ke2 Rb3 21. Bc1 Bg5 22. Nxg5 hxg5 23. Kd1 Nf4 24. Bxf4 gxf4 25. Kc2 Kd7 26. Re4 g5 27. h4 gxh4 28. Rxf4 h3 29. gxh3 Rxh3 30. Rxf7+ Ke6 31. Rxc7 Rf3 32. Rxc6+ Kxe5 33. Ra6 Kd4 34. Rxa4 1-0

[Event "Maastricht Limburg op"]
[Site "Maastricht"]
[Date "2008.05.09"]
[Round "1"]
[White "Miesen, Fabian"]
[Black "Monroy, Charles"]
[Result "0-1"]
[WhiteElo "2165"]
[BlackElo "2399"]
[PlyCount "58"]
[EventDate "2008.05.09"]
[EventType "swiss"]
[EventRounds "7"]
[EventCountry "NED"]
[SourceTitle "EXT 2009"]
[Source "ChessBase"]
[SourceDate "2008.11.26"]
[SourceVersion "1"]
[SourceVersionDate "2008.11.26"]
[SourceQuality "1"]

1. e4 d6 2. d4 Nf6 3. Nc3 Nbd7 4. f4 e5 5. Nf3 exd4 6. Nxd4 g6 7. Be2 Bg7 8. 0-0 0-0 9. Bf3 c6 10. Nb3 Qc7 11. a4 a5 12. Kh1 Nb6 13. g4 d5 14. exd5 Nfxd5 15. Nxd5 Nxd5 16. Bg2 Rd8 17. Qf3 f5 18. g5 Be6 19. Nc5 Bf7 20. Nd3 Nb4 21. Nxb4 axb4 22. Re1 Re8 23. Rxe8+ Rxe8 24. Bd2 Bxb2 25. Rb1 Qd6 26. Qf2 Bc3 27. Be3 Bd5 28. Bxd5+ Qxd5+ 29. Kg1 Rxe3 0-1

[Event "LiSB-ch B"]
[Site "Sittard"]
[Date "2003.12.07"]
[Round "7"]
[White "Van Haren, Marcel"]
[Black "Miesen, Fabian"]
[Result "1-0"]
[WhiteElo "1775"]
[BlackElo "1748"]
[PlyCount "49"]
[EventDate "2003.11.29"]
[EventType "swiss"]
[EventRounds "7"]
[EventCountry "NED"]
[SourceTitle "EXT 2009"]
[Source "ChessBase"]
[SourceDate "2008.11.26"]
[SourceVersion "1"]
[SourceVersionDate "2008.11.26"]
[SourceQuality "1"]

1. e4 Nc6 2. Nf3 d5 3. exd5 Qxd5 4. Nc3 Qa5 5. d4 Bg4 6. Bb5 e6 7. h3 Bh5 8. Bd2 Bb4 9. Qe2 Nge7 10. g4 Bg6 11. d5 exd5 12. Nxd5 Bxd2+ 13. Nxd2 0-0-0 14. b4 Nxd5 15. bxa5 Rhe8 16. Bxc6 bxc6 17. f3 Rxe2+ 18. Kxe2 Bxc2 19. Nb3 Nc3+ 20. Ke3 Rd3+ 21. Kf2 Bd1 22. Nc5 Rd2+ 23. Ke3 Rd8 24. Rc1 Bxf3 25. Kxf3 1-0

[Event "LiSB-ch B"]
[Site "Sittard"]
[Date "2003.11.30"]
[Round "4"]
[White "Van Mulekom, Hans"]
[Black "Miesen, Fabian"]
[Result "1/2-1/2"]
[WhiteElo "1779"]
[BlackElo "1748"]
[PlyCount "50"]
[EventDate "2003.11.29"]
[EventType "swiss"]
[EventRounds "7"]
[EventCountry "NED"]
[SourceTitle "EXT 2009"]
[Source "ChessBase"]
[SourceDate "2008.11.26"]
[SourceVersion "1"]
[SourceVersionDate "2008.11.26"]
[SourceQuality "1"]

1. e4 Nc6 2. Nc3 e5 3. Bc4 Nf6 4. d3 d6 5. Nge2 Be7 6. 0-0 0-0 7. f4 exf4 8. Bxf4 Ne5 9. Bb3 Ng6 10. Bg3 Ng4 11. Qe1 Bh4 12. h3 Bxg3 13. Nxg3 N4e5 14. Nf5 Be6 15. Nd5 Bxd5 16. Bxd5 c6 17. Bb3 Ne7 18. Qe3 Nxf5 19. Rxf5 g6 20. Rf4 Kg7 21. Raf1 f6 22. Qf2 Qe7 23. Qd4 Qc7 24. Qf2 Qe7 25. Qd4 Qc7 1/2-1/2

[Event "LiSB-ch"]
[Site "Stein"]
[Date "2002.12.07"]
[Round "6"]
[White "Miesen, Fabian"]
[Black "Simenon, Jozef"]
[Result "1/2-1/2"]
[WhiteElo "1669"]
[BlackElo "1960"]
[PlyCount "114"]
[EventDate "2002.11.30"]
[EventType "swiss"]
[EventRounds "7"]
[EventCountry "NED"]
[SourceTitle "EXT 2013"]
[Source "ChessBase"]
[SourceDate "2012.11.22"]
[SourceVersion "1"]
[SourceVersionDate "2012.11.22"]
[SourceQuality "1"]

1. Nc3 c5 2. Nf3 Nf6 3. d4 cxd4 4. Nxd4 d6 5. g3 g6 6. Bg2 Bg7 7. 0-0 0-0 8. Bg5 h6 9. Bxf6 Bxf6 10. Qd2 Bg7 11. Rfd1 Nd7 12. a4 Ne5 13. Nd5 e6 14. Ne3 d5 15. f4 Nc6 16. Nxc6 bxc6 17. c3 a5 18. Ng4 Rb8 19. e3 Qb6 20. Ne5 Qxb2 21. Qxb2 Rxb2 22. Rdb1 Bxe5 23. fxe5 Re2 24. Re1 Ba6 25. Rxe2 Bxe2 26. Rb1 Bd3 27. Rb2 g5 28. Bf1 Bg6 29. Kf2 Ra8 30. Ke2 c5 31. Kd2 c4 32. Bh3 Ra7 33. Rb8+ Kg7 34. Bg2 Bd3 35. g4 Ra6 36. Bf3 Ra7 37. Kd1 Kg6 38. Rg8+ Kh7 39. Rb8 Kg7 40. Kd2 f6 41. exf6+ Kxf6 42. Rb6 Ke5 43. Be2 Be4 44. Rb5 Kf6 45. Kd1 Ra8 46. Kd2 Ke7 47. h3 Bg2 48. Rb7+ Kf6 49. Rh7 Kg6 50. Re7 Ra6 51. Ke1 Be4 52. Kd2 Kf6 53. Rb7 d4 54. Rb5 d3 55. Bf1 Bd5 56. Rc5 Ke5 57. Bxd3 cxd3 1/2-1/2